Geology and ground-water resources of Cheyenne County, Kansas. (Record no. 28758)
[ view plain ]
| 000 -LEADER | |
|---|---|
| fixed length control field | 01931cam a22003011 4500 |
| 001 - CONTROL NUMBER | |
| control field | gs 53000206 |
| 003 - CONTROL NUMBER IDENTIFIER | |
| control field | DLC |
| 005 - DATE AND TIME OF LATEST TRANSACTION | |
| control field | 20260227111400.0 |
| 008 - FIXED-LENGTH DATA ELEMENTS--GENERAL INFORMATION | |
| fixed length control field | 780310s1953 ksuab 000 0 eng c |
| 010 ## - LIBRARY OF CONGRESS CONTROL NUMBER | |
| LC control number | gs 53000206 |
| 035 ## - SYSTEM CONTROL NUMBER | |
| System control number | (OCoLC)3704610 |
| 040 ## - CATALOGING SOURCE | |
| Original cataloging agency | U.S. Geol. Survey. Libr. |
| Transcribing agency | OT |
| Modifying agency | OCoLC |
| -- | TxU |
| -- | OCoLC |
| -- | DLC |
| 042 ## - AUTHENTICATION CODE | |
| Authentication code | premarc |
| 050 00 - LIBRARY OF CONGRESS CALL NUMBER | |
| Classification number | QE113 |
| Item number | .A2 no. 100 |
| 082 ## - DEWEY DECIMAL CLASSIFICATION NUMBER | |
| Classification number | 551.49 |
| 100 1# - MAIN ENTRY--PERSONAL NAME | |
| Personal name | Prescott, Glenn C. |
| Fuller form of name | (Glenn Carleton), |
| Dates associated with a name | 1923- |
| 245 00 - TITLE STATEMENT | |
| Title | Geology and ground-water resources of Cheyenne County, Kansas. |
| 260 ## - PUBLICATION, DISTRIBUTION, ETC. | |
| Place of publication, distribution, etc. | Lawrence : |
| Name of publisher, distributor, etc. | University of Kansas, |
| Date of publication, distribution, etc. | 1953. |
| 300 ## - PHYSICAL DESCRIPTION | |
| Extent | 106 p. : |
| Other physical details | illus., maps (2 fold. col. in pocket), diagrs., tables ; |
| Dimensions | 23 cm. |
| 410 20 - SERIES STATEMENT/ADDED ENTRY--CORPORATE NAME [OBSOLETE, CAN/MARC], [LOCAL, USA] | |
| Corporate name or jurisdiction name as entry element | Kansas Geological Survey |
| Title of a work | Bulletin |
| Volume number/sequential designation | 100 |
| 500 ## - GENERAL NOTE | |
| General note | At head of title: Division of Ground Water. |
| 500 ## - GENERAL NOTE | |
| General note | "Prepared by the United States Geological Survey and the State Geological Survey of Kansas, with the cooperation of the Division of Sanitation of the Kansas State Board of Health, and the Division of Water Resources of Kansas State Board of Agriculture." |
| 501 ## - WITH NOTE | |
| With note | With : Geology and ground-water resources of Jackson County, Kansas, 1953 -- Petrographic study of southeastern Kansas coals, 1953 -- Composition of some uranium-bearing phosphate nodules from Kansas shales / by Russell T. Runnels, John A. Schleicher, and H. S. Van Nortwick, 1953 -- Experimental separation of iron-bearing minerals from certain Kansas clays, 1953 -- Experiments in the rapid drying of plastic clay brick / by Norman Plummer and William B. Hladik, 1954 -- Improvement of some Kansas clays through the control of pH and of soluble sulfates / Norman Plummer and William B. Hladik, 1953. Bound together subsequent to publication. |
| Institution to which field applies | DLC |
| 504 ## - BIBLIOGRAPHY, ETC. NOTE | |
| Bibliography, etc. note | "References": p. 103-104. |
| 650 #0 - SUBJECT ADDED ENTRY--TOPICAL TERM | |
| Topical term or geographic name entry element | Geology |
| Geographic subdivision | Kansas |
| -- | Cheyenne County. |
| 650 #0 - SUBJECT ADDED ENTRY--TOPICAL TERM | |
| Topical term or geographic name entry element | Groundwater |
| Geographic subdivision | Kansas |
| -- | Cheyenne County. |
| 650 #0 - SUBJECT ADDED ENTRY--TOPICAL TERM | |
| Topical term or geographic name entry element | Water-supply |
| Geographic subdivision | Kansas |
| -- | Cheyenne County. |
No items available.